LEADER 01076nam0 2200277 450 001 000009833 005 20120402204507.0 100 $a20080414d2008----km-y0itay50------ba 101 0 $aita 102 $aIT 105 $ay-------001yy 200 1 $a<>acquisizione delle attivitą immateriali secondo gli IAS$eun confronto tra generazione interna e operazioni di business combinations$fStefania Migliori 210 $aRoma$cRIREA$hstampa 2007 215 $a31 p.$d24 cm 225 2 $aQMR(Quaderni Monografici Rirea)$v61 300 $aAllegato alla Rivista italiana di Ragioneria e di Economia Aziendale fasc. 1-2/2008 (n. sist. 000001925) 410 0$12001$aQMR(Quaderni Monografici Rirea) 610 1 $aImpresa$aAttivitą immateriali 610 1 $aImpresa$aGestione finanziaria 676 $a658.15$v20 700 1$aMigliori,$bStefania$0436947 801 0$aIT$bUNIPARTHENOPE$c20080414$gRICA$2UNIMARC 912 $a000009833 951 $aQMR 657/61$b43708$cNAVA1$d2008 996 $aAcquisizione delle attivitą immateriali secondo gli IAS$91205158 997 $aUNIPARTHENOPE